| 000 | 00479cam a2200181ua 4500 | ||
|---|---|---|---|
| 020 | _a0-7131-3471-2 | ||
| 041 |
_aeng _h |
||
| 082 |
_a621.8 _bHAN/ME |
||
| 100 | _aHannah, J . | ||
| 245 |
_aMechanics of machines: Elementary theory and examples / _cJ Hannah. _hTextual Documents |
||
| 250 |
_a4 / _b. |
||
| 260 |
_aLondon : _bEdward Arnold Publications Ltd , _c1984. |
||
| 300 | _a298 ; . | ||
| 504 | _a | ||
| 700 | 1 | _aStephens, R C . | |
| 942 | _cBK | ||
| 999 |
_c6721 _d6721 |
||